00603nam a2200217 a 4500001001300000003000900013005001700022008004100039020002400080082001500104100001900119245006800138260003900206300000900245500003500254505003400289650001300323650001600336650001400352700001900366nice12345678IN_TiNIC20260116013232.0050524s1989 dela grp 000 0 eng  a8120866 c111000a294.3bSTR aStrong, John S aLegend of King Asokab Study and Translation of the Asokavadana aDelhi bMotilal Banarsidass c1989 a336p aincludes index and biblioraphy2 aGlossary, Bibliography, Index aBuddhism aAsokavadana aTripitika1 aStrong, John S